Correct assessment of salary income and maximum tax benefits, (Record no. 79691)

MARC details
000 -LEADER
fixed length control field 00647cam a22002291 4500
001 - CONTROL NUMBER
control field sa 68003714
003 - CONTROL NUMBER IDENTIFIER
control field DLC
005 - DATE AND TIME OF LATEST TRANSACTION
control field 20260227112455.0
008 - FIXED-LENGTH DATA ELEMENTS--GENERAL INFORMATION
fixed length control field 710903s1968 ii 000 0 eng
010 ## - LIBRARY OF CONGRESS CONTROL NUMBER
LC control number sa 68003714
025 ## - OVERSEAS ACQUISITION NUMBER
Overseas acquisition number PL480:I-E-9773
040 ## - CATALOGING SOURCE
Original cataloging agency DLC
Transcribing agency DLC
Modifying agency DLC
043 ## - GEOGRAPHIC AREA CODE
Geographic area code a-ii---
050 00 - LIBRARY OF CONGRESS CALL NUMBER
Classification number KNS2832
Item number .G37 1968
082 00 - DEWEY DECIMAL CLASSIFICATION NUMBER
Classification number 336.2/4
100 1# - MAIN ENTRY--PERSONAL NAME
Personal name Garg, O. P.,
Dates associated with a name 1930-
245 10 - TITLE STATEMENT
Title Correct assessment of salary income and maximum tax benefits,
Statement of responsibility, etc. by O. P. Garg.
260 ## - PUBLICATION, DISTRIBUTION, ETC.
Place of publication, distribution, etc. New Delhi,
Name of publisher, distributor, etc. Anupam Prakashan,
Date of publication, distribution, etc. 1968.
300 ## - PHYSICAL DESCRIPTION
Extent xii, 305 p.
Dimensions 25 cm.
350 ## - PRICE (NR) (BK AM CF MU VM SE) [OBSOLETE]
Price Rs21
650 #0 - SUBJECT ADDED ENTRY--TOPICAL TERM
Topical term or geographic name entry element Income tax
General subdivision Law and legislation
Geographic subdivision India.

No items available.

Powered by Koha